| 000 | 00618nmc a2200265 a 4500 | ||
|---|---|---|---|
| 003 | AR-BaBNM | ||
| 005 | 20251128203630.0 | ||
| 008 | 117019s1950 ||||||||||||||000 | spa|| | ||
| 040 | _cAR-BaBNM | ||
| 100 | 1 | _aNervo, Amado | |
| 245 | 1 | 0 | _aLa amada inmóvil |
| 250 | _a13ª ed. | ||
| 260 |
_aMéxico, D.F. _bEspasa-Calpe _c1950 |
||
| 300 | _a168 p. | ||
| 490 | 0 | _aAustral | |
| 650 | 4 | _aLITERATURA MEXICANA | |
| 650 | 4 | _aLITERATURA LATINOAMERICANA | |
| 650 | 4 | _aPOESIA | |
| 650 | 4 | _aESCRITORES | |
| 653 | _aSIMBOLISMO | ||
| 653 | _aMODERNISMO | ||
| 655 | _aLITERATURA | ||
| 942 | _cBK | ||
| 998 | _cMARTIN | ||
| 999 |
_c4235 _d4235 |
||